[Event "Schachschule Erlangen op"]
[Site "Erlangen"]
[Date "1997.??.??"]
[Round "3"]
[White "Hofer, Joachim"]
[Black "Frank, Gerhard"]
[Result "0-1"]
[WhiteElo "1516"]
[BlackElo "1757"]
[PlyCount "44"]
[EventDate "1997.10.31"]
[EventType "swiss"]
[EventRounds "5"]
[EventCountry "GER"]
[SourceTitle "EXT 1999"]
[Source "ChessBase"]
[SourceDate "1998.11.16"]
[SourceVersion "1"]
[SourceVersionDate "1998.11.16"]
[SourceQuality "1"]

1. e4 c5 2. f4 g6 3. Nf3 Bg7 4. Be2 Nc6 5. c3 d5 6. e5 d4 7. d3 Nh6 8. Nbd2 0-0 9. Ne4 Qb6 10. 0-0 f6 11. Qe1 Nf7 12. exf6 exf6 13. Qh4 Ne7 14. g4 Bxg4 15. Nxf6+ Qxf6 16. Qxg4 dxc3 17. Rb1 c2 18. Ra1 Nf5 19. Ng5 Qd4+ 20. Kh1 Nxg5 21. fxg5 Qxg4 22. Bxg4 Ng3+ 0-1

[Event "Schachschule Erlangen op"]
[Site "Erlangen"]
[Date "1997.??.??"]
[Round "2"]
[White "Poppe, Wolfgang"]
[Black "Hofer, Joachim"]
[Result "0-1"]
[WhiteElo "1530"]
[BlackElo "1516"]
[PlyCount "90"]
[EventDate "1997.10.31"]
[EventType "swiss"]
[EventRounds "5"]
[EventCountry "GER"]
[SourceTitle "EXT 1999"]
[Source "ChessBase"]
[SourceDate "1998.11.16"]
[SourceVersion "1"]
[SourceVersionDate "1998.11.16"]
[SourceQuality "1"]

1. e4 e5 2. Bc4 d6 3. Nf3 Be6 4. Qe2 Nc6 5. 0-0 Nf6 6. Bxe6 fxe6 7. c3 Qd7 8. d4 exd4 9. cxd4 Be7 10. Nc3 0-0 11. b3 Rae8 12. Bb2 Ng4 13. h3 Nf6 14. Rad1 h6 15. Nh2 g5 16. Ng4 Nxg4 17. hxg4 Bd8 18. f3 Qf7 19. g3 Bf6 20. Nb5 a6 21. Na3 Qg7 22. Nc2 e5 23. d5 Ne7 24. Ne3 Qh7 25. Kg2 Kg7 26. Nf5+ Nxf5 27. gxf5 h5 28. Rc1 Bd8 29. Rh1 Rf6 30. Qe3 Rh6 31. Rh2 Kg8 32. Rch1 Kf7 33. Qa7 Rh8 34. Qxb7 g4 35. fxg4 h4 36. gxh4 Bxh4 37. Qxc7+ Kg8 38. Qc8+ Kf7 39. Qd7+ Kg8 40. Qe8+ Kg7 41. Qd7+ Kg8 42. Qc8+ Kf7 43. Qxa6 Qg8 44. Qc6 Qxg4+ 45. Kf1 Qf3+ 0-1